[Event "Sheikh Kamal Online Inv"]
[Site "Tornelo INT"]
[Date "2021.08.29"]
[Round "7"]
[White "Md Azmaeen, Parvez Sayor"]
[Black "Rahman, Tahmidur"]
[Result "1-0"]
[WhiteElo "1633"]
[BlackElo "2199"]
[PlyCount "71"]
[EventDate "2021.08.27"]
[EventType "tourn (rapid)"]
[EventRounds "9"]
[EventCountry "BAN"]
[SourceTitle "CBM 204 Extra"]
[Source "ChessBase"]
[SourceDate "2021.11.30"]
[SourceVersion "1"]
[SourceVersionDate "2021.11.30"]
[SourceQuality "1"]

1. e4 c5 2. Nc3 Nc6 3. Bb5 Nd4 4. Bc4 e6 5. Nge2 Nf6 6. 0-0 Nc6 7. d4 cxd4 8. Nxd4 a6 9. Re1 Qc7 10. Nxc6 Qxc6 11. Bb3 Bb4 12. Qd4 Bc5 13. Qd1 d6 14. Nd5 Nd7 15. Qg4 Kf8 16. Qh4 f6 17. Nf4 Ne5 18. Nxe6+ Bxe6 19. Bxe6 Ng6 20. Qg3 Re8 21. Qb3 b5 22. Bd5 Qb6 23. Be3 Ne7 24. Bxc5 dxc5 25. Rad1 g6 26. Qh3 Kg7 27. Qe6 Qxe6 28. Bxe6 Rd8 29. c3 Nc6 30. f4 Rhe8 31. Bd7 Na5 32. Bxe8 Rxe8 33. b3 Re6 34. Rd7+ Kh6 35. Re3 b4 36. Rh3# 1-0

[Event "Dhaka Bangabandhu op-B"]
[Site "Dhaka"]
[Date "2021.03.17"]
[Round "9"]
[White "Md Azmaeen, Parvez Sayor"]
[Black "Tutul, Dhar"]
[Result "1-0"]
[WhiteElo "1391"]
[BlackElo "1871"]
[PlyCount "67"]
[EventDate "2021.03.09"]
[EventType "swiss"]
[EventRounds "9"]
[EventCountry "BAN"]
[SourceTitle "EXT 2022"]
[Source "ChessBase"]
[SourceDate "2021.10.06"]
[SourceVersion "1"]
[SourceVersionDate "2021.10.06"]
[SourceQuality "1"]

1. e4 e5 2. Nf3 Nc6 3. Bb5 a6 4. Ba4 Nf6 5. 0-0 Be7 6. Re1 d6 7. c3 0-0 8. h3 Bd7 9. d4 exd4 10. cxd4 Re8 11. a3 h6 12. Nbd2 Bf8 13. Bc2 g6 14. Nf1 Bg7 15. Ng3 Kh7 16. Bf4 Qe7 17. Qd2 Rad8 18. Rad1 Bc8 19. b4 Nb8 20. Qc1 Nbd7 21. Bb3 c5 22. dxc5 dxc5 23. Bd6 cxb4 24. Bxe7 Rxe7 25. axb4 b5 26. e5 Ng8 27. e6 fxe6 28. Rxe6 Rxe6 29. Bxe6 Ngf6 30. Qc2 Rf8 31. Ba2 Nb6 32. Bb1 Nc4 33. Qxg6+ Kh8 34. Nh5 1-0